Skorowidz gmin województwa pomorskiego do map B. Zaborskiego " Podatek gruntowy, gęstość zaludnienia i narodowość mieszkańców na Pomorzu" : (Rekord nr 27757)
| 000 -Nagłówek | |
|---|---|
| fixed length control field | 01686cam a2200313 i 4500 |
| 001 - Nr kontrolny bibl., która utworzyła rek. | |
| control field | zz2007871676 |
| 003 - Siglum bibl., której nr kontr. jest w 001 | |
| control field | NUKAT |
| 005 - Data i czas ostatniej operacji | |
| control field | 20260425091058.0 |
| 008 - Elementy pola stałej długości | |
| fixed length control field | 070601s1934 pl a |000 0 pol c |
| 035 ## - Systemowy numer kontrolny | |
| systemowy numer kontrolny | (OCoLC)1413095680 |
| 035 ## - Systemowy numer kontrolny | |
| systemowy numer kontrolny | (NUKAT)zz2007871676 |
| 040 ## - Instytucja sporządzająca opis | |
| Instytucja, która sporządziła opis | TOR U/EC |
| język katalgowania-trzyzn. kod | pol |
| zasady opisu | rda |
| Instytucja, która sporządziła rekord | TOR U/EC |
| Instytucja, która zmodyfikowała rekord | TOR U/LF |
| -- | OLSZT 003/AL |
| -- | KAT U/44UIs |
| 099 ## - Dowolny opis lokalny sygnatury | |
| symbol klasyfikacji | hh_572814 |
| 245 00 - Tytuł właściwy i oznaczenie odpow. | |
| tytuł | Skorowidz gmin województwa pomorskiego do map B. Zaborskiego " Podatek gruntowy, gęstość zaludnienia i narodowość mieszkańców na Pomorzu" : |
| dodatek do tytułu | część pierwsza pracy zbiorowej "Stosunki rolnicze na Pomorzu" - Polskie Pomorze t. 3 "Życie gospodarcze" / |
| dod. inf. ze s. tyt./ozn. odpow. | Bogdan Zaborski. |
| 246 14 - Inne formy tytułu, wariant tytułu | |
| tytuł | Podatek gruntowy, gęstość zaludnienia i narodowość mieszkańców na Pomorzu : |
| cd. tytułu | 3 mapy i skorowidz gmin województwa pomorskiego |
| 260 ## - Adres wydawniczy | |
| miejsce wydania, dystrybucji itp. | Toruń : |
| nazwa wydawcy, dystrybutora itp. | Kasa im. Mianowskiego - Instytut Popierania Nauki, |
| data wydania, dystrybucji itp. | 1934 |
| miejsce druku | (Bydgoszcz : |
| nazwa drukarni | Zakł. Graficzne "Biblijoteka Polska"). |
| 300 ## - Opis fizyczny | |
| objętość i/lub forma materiału | Strony 23-56 ; |
| format | 25 cm + |
| materiał towarzyszący | 4 mapy złożone kolorowe. |
| 336 ## - Content Type | |
| Term | Tekst |
| Code | txt |
| Source | rdacontent |
| 337 ## - Media Type | |
| Term | Bez urządzenia pośredniczącego |
| Code | n |
| Source | rdamedia |
| 338 ## - Carrier Type | |
| Term | Wolumin |
| Code | nc |
| Source | rdacarrier |
| 490 1# - Tytuł serii i ks. wielotom.-nie do wysz. | |
| oznaczenie serii | Wydawnictwa Instytutu Bałtyckiego |
| 650 #4 - Hasło przedmiotowe-nazwa pospolita | |
| nazwa pospolita lub geogr. | Polityka rolna |
| określnik geograficzny | Polska |
| określnik rzeczowy | historia. |
| źródło hasła | kaba |
| 9 (RLIN) | 1744 |
| 651 #7 - Hasło przedmiotowe-nazwa geogr. | |
| nazwa geograficzna | Pomorze Gdańskie (Polska ; region) |
| określnik rzeczowy | sytuacja społeczna |
| określnik chronologiczny | 19 w. |
| źródło hasła | kaba |
| 9 (RLIN) | 40502 |
| 651 #7 - Hasło przedmiotowe-nazwa geogr. | |
| nazwa geograficzna | Pomorze Gdańskie (Polska ; region) |
| określnik rzeczowy | sytuacja społeczna |
| określnik chronologiczny | 1900-1945. |
| źródło hasła | kaba |
| 9 (RLIN) | 40503 |
| 700 1# - Hasło dodatkowe - nazwa osobowa | |
| nazwa osobowa | Zaborski, Bogdan |
| daty biograficzne | (1901-1985). |
| rodzaj współpracy | Redakcja |
| 9 (RLIN) | 39894 |
| 710 2# - Hasło dodatkowe - nazwa ciała zbior. | |
| nazwa ciała zbior. lub nazwa geogr. | Kasa im. Mianowskiego - Instytut Popierania Nauki. |
| rodzaj współpracy | Wydawca |
| kod rodzaju współpracy | pbl |
| 9 (RLIN) | 580 |
| 830 #0 - Hasło dod. serii i op. ks. wielotom. -tyt | |
| tytuł | Wydawnictwa Instytutu Bałtyckiego |
| 9 (RLIN) | 349 |
| 942 ## - ADDED ENTRY ELEMENTS (KOHA) | |
| Source of classification or shelving scheme | Dewey Decimal Classification |
| Koha item type | pozycje dostępne na miejscu |
| Status wycofania | Status zagubienia | Klasyfikacja | Status uszkodzenia | Blokada wypożyczeń | Kolekcja | Lokalizacja macierzysta | Lokalizacja bieżąca | Data nabycia | Numer akcesji | Źródło akcesji | Nr inwentarzowy | il. wypożyczeń | Sygnatura | Kod kreskowy | Date last seen | Price effective from | Typ egz. |
|---|---|---|---|---|---|---|---|---|---|---|---|---|---|---|---|---|---|
| Dewey Decimal Classification | nieuszkodzona | Pracownia Badań Księgozbiorów Historycznych | Biblioteka Instytutu Północnego w Olsztynie | Pracownia Badań Księgozbiorów Historycznych | 25/04/2026 | K-18/1965 | kupno | 15949 | 15949 | IPWK23799 | 25/04/2026 | 25/04/2026 | pozycje dostępne na miejscu |